Inverz evolúció a darvini evolúció elmélete a Védák fényében
Elmentve itt :
| Szerző: | |
|---|---|
| Adatforrás: | Philobibl |
| Dokumentumtípus: | Könyv |
| Nyelv: | magyar |
| Kulcsszavak: | Védák evolúció filozófia, védikus |
| Megjelent: |
[Somogyvámos]
Tejút Bt.
cop. 1997
|
| LEADER | 00487nam a2200157 c 4500 | ||
|---|---|---|---|
| 001 | bibPHI0041347 | ||
| 005 | 20240119100144.8 | ||
| 008 | 050903s1997 hu 00010 hun d | ||
| 100 | 1 | |a Siku Andrea | |
| 245 | 1 | 0 | |a Inverz evolúció |b a darvini evolúció elmélete a Védák fényében |c [Radhika devi dasi] |
| 260 | |a [Somogyvámos] |b Tejút Bt. |c cop. 1997 | ||
| 300 | |a 167 p. | ||
| 695 | |a Védák | ||
| 695 | |a evolúció | ||
| 695 | |a filozófia, védikus | ||
| 700 | 1 | |a Tejút Bt (Somogyvámos) |4 közread. | |